000 01240cas a2200349 i 4500
005 20250326095701.0
008 032625c2022 paubr p 0 a0eng c
022 0 _a1078-4659
_l1078-4659
_21
040 _aNSD
_beng
_cCSPC
050 0 0 _aRA395.A3
_bJ686
082 0 0 _a362.1/05
_220
222 0 _aJournal of public health management and practice
245 0 0 _aJournal of public health management and practice :
246 3 0 _aJPHMP
260 _aWolters Kluwer Health Inc.
_bHangerstown,
_c2022-
300 _avolumes :
_billustrations ;
_c28 cm
310 _aBimonthly,
_b2022-
336 _atext
_btxt
_2rdacontent
337 _aunmediated
_bn
_2rdamedia
338 _avolume
_bnc
_2rdacarrier
490 _3Printed Journal Collection
500 _aIncludes bibliographical references.
521 _aCollege of Health Sciences (CHS)
650 0 _aPublic health administration
_zUnited States
_vPeriodicals.
650 2 _aPublic Health.
650 2 _aPublic Health Administration.
650 7 _aPublic health administration.
_2fast
_0(OCoLC)fst01082334
655 7 _aPeriodicals.
_2fast
_0(OCoLC)fst01411641
942 _2ddc
_cSERIALS
_n0
999 _c29331
_d29331